LEADER 00968nam0-22003011i-450- 001 990007519630403321 005 20060202172203.0 035 $a000751963 035 $aFED01000751963 035 $a(Aleph)000751963FED01 035 $a000751963 100 $a20030814d1914----km-y0itay50------ba 101 0 $aita 102 $aIT 105 $aa-------001yy 200 1 $a<>distribuzione dell' olivo$ee l'estensione della provincia climatica mediterranea nel Veneto occidentale$fAntonio Renato Toniolo 210 $aFirenze$cTip. Mariano Ricci$d1914 215 $a136 p., 1 c. geogr. ripieg. col.$d25 cm 300 $aEstr. da : Rivista Geografica Italiana,1914 610 0 $aVeneto$aUlivo 700 1$aToniolo,$bAntonio Renato$f<1881-1955>$05797 801 0$aIT$bUNINA$gRICA$2UNIMARC 901 $aBK 912 $a990007519630403321 952 $aE-05-013$bIst. 1484$fILFGE 959 $aILFGE 996 $aDistribuzione dell' olivo$9682730 997 $aUNINA